000 01462nam a2200337 i 4500
003 EG-GICUC
005 20260307193932.0
008 260307s1923 ua d|||fr|||| 00| 0 ara d
040 _a EG-GICUC
_bara
_c EG-GICUC
_d EG-GICUC
_erda
041 0 _aara
082 0 4 _221
_a345.8
_bأ ح . ن
092 0 4 _221
099 _aLaw1 07 345.8 أ ح . ن 2 ed - 1923
100 0 _aأحمد قمحه
_eمؤلف.
245 1 0 _aنظام القضاء والأدارة :
_bوهو مجموعة تشتمل على النظامات القضائية والادارية والمالية والسياسية بالقطر المصري /
_cتأليف أحمد فتحي بك، عبد الفتاح السيد بك.
250 _aالطبعة الثانية
_bبتنقيح وتوسيع
264 3 _aالقاهرة :
_bمطبعة الجريدة،
_c1923.
300 _a448 صفحة :
_bإيضاحيات؛
_c24 سم.
336 _2rda content
_atext
337 _2rda media
_aComputer
338 _2rda carrier
_aOnline Resource
504 _aيشتمل على إرجاعات ببليوجرافية.
546 _aالنص باللغة العربية
650 1 4 _aالقضاء الإداري ووظائفه
_2qrmak
650 1 4 _aالقانون الإداري
_2qrmak
651 1 _2qrmak
700 0 _aعبد الفتاح السيد بك
_eمؤلف مشارك.
856 4 0 _uhttps://fll.law.cu.edu.eg/fulltext/bks/B07-03453.pdf
905 _a32
942 _2ddc
_cBK
_e21
_n0
999 _c65670
_d65670